01243cas a2200361 a 450000100090000000300040000900500170001300800410003001000170007102500240008803500240011203701230013604000560025904100130031504200080032804300120033605000190034808200130036724500410038026000600042130000090048131000110049036200190050151500390052054600290055965000440058865000480063265100430068065100380072365100370076165500430079871000400084114316437OSt20230619113333.0060324c20059999np ar 0 0eng  a 2005386993 aN-2005-386993-S; 22 a(OCoLC)ocm65194621  bPerspectives on Society and Culture, Nepal Centre for Creative Research (NCCR), G.P.O. Box no. 21972, Kathmandu, Nepal aDLCbengcDLCdDLCdOCLCQdOCLCFdOCLCOdOCLdOCLCA0 aenganep apcc aa-np---00aHN670.9b.A485 a301bMEI00aPerspectives on society and culture. aKathmandu :bNepal Centre for Creative Research,c2005- a313P aAnnual0 aVol. 1 (2005)- aVols. for 2005- called also No. 1- aIn English; some Nepali. 7aCivilization.2fast0(OCoLC)fst00862898 7aSocial conditions2fast0(OCoLC)fst01919811 0aNepalxSocial conditionsvPeriodicals. 0aNepalxCivilizationvPeriodicals. 7aNepal.2fast0(OCoLC)fst01206102 7aPeriodicals.2fast0(OCoLC)fst014116412 aNepal Centre for Creative Research.